Normal view
MARC view
Entry Personal Name
001 - CONTROL NUMBER
- control field: 27160
003 - CONTROL NUMBER IDENTIFIER
- control field: dpl
005 - DATE AND TIME OF LATEST TRANSACTION
- control field: 20110407140830.0
008 - FIXED-LENGTH DATA ELEMENTS
- fixed length control field: 110407|||a|||||| | ||| d
040 ## - CATALOGING SOURCE
- Original cataloging agency: dpl
- Transcribing agency: dpl
100 ## - HEADING--PERSONAL NAME
- Personal name: Seshadri, Veena
670 ## - SOURCE DATA FOUND
- Source citation: Work cat.: (dpl): Seshadri, Veena, The woodcutter of Gura :, 2011
670 ## - SOURCE DATA FOUND
- Source citation: Work cat.: (dpl): Seshadri, Veena, The woodcutter of Gura :, 2011
